000 00429cam a2200181 4500
001 D13041
008 090401t1924 xxu||||| |||| 00| 0 eng d
035 _a(Sirsi) u94343
041 _aeng
100 _aHurst, John Thomas
245 2 _aA handbook of formulae, tables and memoranda
250 _a16th
260 _aLondon
_bE and F N Spon
_c1924
350 _a0
520 _aShelf 303
942 _n0
948 _c04/03/1997
999 _c97989
_d97989